<?xml version="1.0" encoding="UTF-8"?>
<record
    xmlns:xsi="http://www.w3.org/2001/XMLSchema-instance"
    xsi:schemaLocation="http://www.loc.gov/MARC21/slim http://www.loc.gov/standards/marcxml/schema/MARC21slim.xsd"
    xmlns="http://www.loc.gov/MARC21/slim">

  <leader>00764nam a22001817a 4500</leader>
  <controlfield tag="003">UA-OsUOA</controlfield>
  <controlfield tag="001"> 18360 </controlfield>
  <controlfield tag="007">ta</controlfield>
  <controlfield tag="008">20040504b un ||||| |||| 00| 0 ukr d</controlfield>
  <datafield tag="100" ind1=" " ind2=" ">
    <subfield code="a">&#x41C;&#x456;&#x449;&#x443;&#x43A; &#x412;.&#x413;.</subfield>
  </datafield>
  <datafield tag="942" ind1=" " ind2=" ">
    <subfield code="c">SA</subfield>
  </datafield>
  <datafield tag="040" ind1=" " ind2=" ">
    <subfield code="a">UA-OsUOA</subfield>
    <subfield code="c">UA-OsUOA</subfield>
    <subfield code="d">UA-OsUOA</subfield>
  </datafield>
  <datafield tag="245" ind1=" " ind2=" ">
    <subfield code="a">&#x417;&#x435;&#x43B;&#x435;&#x43D;&#x456;&#x44E;&#x442;&#x44C; &#x43B;&#x456;&#x441;&#x438;, &#x434;&#x430;&#x440;&#x443;&#x44E;&#x447;&#x438; &#x440;&#x430;&#x434;&#x456;&#x441;&#x442;&#x44C;: [&#x417; &#x43D;&#x430;&#x433;&#x43E;&#x434;&#x438; 30-&#x440;&#x456;&#x447;&#x43D;&#x43E;&#x433;&#x43E; &#x44E;&#x432;&#x456;&#x43B;&#x435;&#x44E; &#x421;&#x421;&#x412;&#x41A; "&#x420;&#x430;&#x434;&#x438;&#x432;&#x438;&#x43B;&#x456;&#x432;&#x441;&#x44C;&#x43A;&#x438;&#x439; &#x43B;&#x456;&#x441;&#x433;&#x43E;&#x441;&#x43F;", &#x439;&#x43E;&#x433;&#x43E; &#x43A;&#x435;&#x440;., &#x434;&#x435;&#x43F;. &#x420;&#x430;&#x434;&#x438;&#x432;&#x438;&#x43B;&#x456;&#x432;. &#x440;&#x430;&#x439;&#x43E;&#x43D;. &#x440;&#x430;&#x434;&#x438; &#x412;.&#x413;. &#x41C;&#x456;&#x449;&#x443;&#x43A; &#x440;&#x43E;&#x437;&#x43F;&#x43E;&#x432;&#x456;&#x434;&#x430;&#x454; &#x43F;&#x440;&#x43E; &#x434;&#x456;&#x44F;&#x43B;&#x44C;&#x43D;. &#x43F;-&#x432;&#x430;]</subfield>
  </datafield>
  <datafield tag="300" ind1=" " ind2=" ">
    <subfield code="a">&#x421;.2</subfield>
  </datafield>
  <datafield tag="955" ind1=" " ind2=" ">
    <subfield code="a">0</subfield>
  </datafield>
  <datafield tag="773" ind1="0" ind2=" ">
    <subfield code="w">0</subfield>
    <subfield code="t">&#x41F;&#x440;&#x430;&#x43F;&#x43E;&#x440; &#x43F;&#x435;&#x440;&#x435;&#x43C;&#x43E;&#x433;&#x438;</subfield>
    <subfield code="d">&#x420;&#x430;&#x434;&#x438;&#x432;&#x438;&#x43B;&#x456;&#x432;</subfield>
    <subfield code="d">2004</subfield>
    <subfield code="g">&#x2116;31/16 &#x43A;&#x432;&#x456;&#x442;./</subfield>
  </datafield>
  <datafield tag="650" ind1=" " ind2="7">
    <subfield code="a">&#x414;&#x435;&#x440;&#x436;&#x43B;&#x456;&#x441;&#x433;&#x43E;&#x441;&#x43F;&#x438;</subfield>
    <subfield code="2">UDC</subfield>
  </datafield>
  <datafield tag="999" ind1=" " ind2=" ">
    <subfield code="c">304531</subfield>
    <subfield code="d">304531</subfield>
  </datafield>
</record>
